Etica y progreso económico /

El libro es una compilación de conferencias y un artículo que abordan las restricciones éticas o morales del comportamiento humano que ejercen importantes efectos económicos. La obra tiene dos partes: en la primera examina los comportamientos estándares que se agrupan en la llamada ética puritana, y...

תיאור מלא

שמור ב:
מידע ביבליוגרפי
מחבר ראשי: Buchanan, James M. (autor)
פורמט: ספר
שפה:ספרדית
יצא לאור: Barcelona, España : Ariel, 1996, c1966
סדרה:(Ariel Sociedad Económica)
נושאים:
תגים: הוספת תג
אין תגיות, היה/י הראשונ/ה לתייג את הרשומה!

MARC

LEADER 00000nam^a2200000^a^4500
001 000182702
005 20250521000000.0
009 20260310102017.273
020 |a 84-344-1418-X 
037 |a Acervo ITESO - Biblioteca 
041 |a ESP 
082 |a 174. 4  |b BUC 
100 |a Buchanan, James M.  |e (autor) 
245 1 0 |a Etica y progreso económico /  |c J.M. Buchanan ; tr. por José A. García-Durán de Lara. 
264 4 |a Barcelona, España :  |b Ariel,  |c 1996, c1966 
300 |a 155 p. 
336 |a texto  |b txt  |2 rdacontenido 
337 |a sin mediación  |b n  |2 rdamedio 
338 |a volumen  |b nc  |2 rdasoporte 
440 1 |a (Ariel Sociedad Económica) 
500 |a Traducción de: Ethics and Economic Progress 
520 |a El libro es una compilación de conferencias y un artículo que abordan las restricciones éticas o morales del comportamiento humano que ejercen importantes efectos económicos. La obra tiene dos partes: en la primera examina los comportamientos estándares que se agrupan en la llamada ética puritana, y aunque este comportamiento, la ética del trabajo y la ética del ahorro, no están de moda han afectado la tasa de crecimiento y la productividad. En la segunda parte amplia el razonamiento anterior haciendo un análisis de las normas éticas de nuestro comportamiento como contribuyentes o usuarios de programas públicos, así como la aplicación de la ética del trabajo a los recursos distintos del mismo. 
649 |a XX 
650 |a Etica 
650 |a Economía del Bienestar 
650 |a Desarrollo Económico-Social 
650 |a Economía -  |x Aspectos Eticos 
910 |a Fondo General 
920 |a Impresos - Libros 
930 |a Colección General 
905 |a 101 
901 |a 0500122837  |b IT1  |c ACC  |u 20250521 
902 |a https://opac.biblio.iteso.mx/vufind/Record/000182702